15 Best Countries for Raising a Family - Statistics

General Stats
  • This quiz has been taken 127 times
  • The average score is 11 of 15
Answer Stats
rank Answer hint % Correct
1 Finland F
95%
5 Sweden S
95%
11 France F
93%
7 Australia A
89%
6 Norway N
88%
10 Germany G
86%
4 Austria A
83%
9 Belgium B
83%
13 Netherlands N
82%
12 Poland P
74%
14 Luxembourg L
67%
2 Czech Republic C
46%
3 Israel I
45%
8 Taiwan T
32%
15 South Africa S
22%
No matching quizzes found
Score Distribution
Percent of People with Each Score
Percentile by Number Answered
Your Score History
You have not taken this quiz